|
|
|
|
| LEADER |
00000naa2a2200000 4500 |
| 001 |
104326 |
| 005 |
20231031113943.0 |
| 035 |
|
|
|a (RuTPU)RU\TPU\book\112459
|
| 090 |
|
|
|a 104326
|
| 100 |
|
|
|a 20061031d2003 k y0rusy50 ca
|
| 101 |
0 |
|
|a rus
|
| 102 |
|
|
|a RU
|
| 200 |
1 |
|
|a О Вехнеарзыбейском месторождении серебрянных руд Восточного Саяна
|f В. А. Домаренко
|
| 320 |
|
|
|a Библиогр.: 5 назв.
|
| 461 |
|
0 |
|0 (RuTPU)RU\TPU\book\59582
|t Проблемы геологии и географии Сибири
|o Материалы научной конференции, посвященной 125-летию основания Томского государственного университета и 70-летию образования геолого-географического факультета 2-4 апреля 2003 г.
|f ТГУ
|d 2003-
|s Науки о Земле: геология, география, метеорология, геодезия
|
| 463 |
|
0 |
|0 (RuTPU)RU\TPU\book\56947
|t Вып. 3 (III): Геохимия и минералогия. Петрология. Металлогения. Геология и экономика минерального сырья
|v С. 234-236
|d 2003
|p 315 с.
|
| 610 |
1 |
|
|a серебряные руды
|
| 610 |
1 |
|
|a месторождения
|
| 610 |
1 |
|
|a Верхнеарзыбейское месторождения
|
| 610 |
1 |
|
|a Саяны
|
| 610 |
1 |
|
|a уран
|
| 610 |
1 |
|
|a труды учёных ТПУ
|
| 700 |
|
1 |
|a Домаренко
|b В. А.
|c российский геохимик
|c доцент Томского политехнического университета
|g Виктор Алексеевич
|2 stltpush
|3 (RuTPU)RU\TPU\pers\26058
|
| 801 |
|
1 |
|a RU
|b 63413507
|c 20061031
|g PSBO
|
| 801 |
|
2 |
|a RU
|b 63413507
|c 20100407
|g RCR
|
| 942 |
|
|
|c BK
|